000 00661nam a2200241Ia 4500
003 OSt
005 20220928150116.0
006 a|||||r|||| 00| 0
007 ta
008 220927b |||||||| |||| 00| 0 eng d
024 _a87853
037 _cTextual
040 _aSDCL
_cSDCL
_beng
041 _2eng
_aeng
082 _aO-,3L97:g(W), M9
100 _aWollstonecraft Mary
_9445942
245 0 _aWollstonecraft anthology.
260 _c1989
650 _aWollstonecraft Mary-Works
_9515284
700 _a Todd Janet Ed.
_9463054
942 _hO-,3L97:g(W), M9
_cTEXL
_2CC
999 _c839824
_d839824